000 00442cam a2200157ua 4500
041 _aeng
_h
082 _a028.716313
_bSHA/FA
100 _aShanmugham, C.R .
245 _aFarm machinery and energy research in India /
_cC.R.Shanmugham.
_hTextual Documents
260 _aBhopal :
_bCentral Institute of Agricultural Engineering ,
_c1981.
300 _a588 ; .
504 _a
942 _cBK
999 _c10236
_d10236